| 000 | 03631nam0a22005531 4500 | ||
|---|---|---|---|
| 001 | RU\NLR\A1\22837 | ||
| 005 | 20260408140603.0 | ||
| 035 | _a(NLR Aleph) 009677298 | ||
| 090 |
_a9687961 _c9687961 |
||
| 100 | _a19981027d1770 a y0rusy50 ca | ||
| 101 | 1 | _arus | |
| 102 | _aRU | ||
| 135 | _acrcn 024anaba | ||
| 140 | _ay y zz yaa0000 | ||
| 200 | 1 |
_aХристиянская школа. _fИздана в Бреславле, от ректора тамошних училищ Еронима Рокеса. 1767. _gА на российской язык переведена сия книга С[ергеем] В[олчковым] |
|
| 210 |
_aВ Санктпетербурге _c[тип. Сухопут. кадет. корпуса] _d1770 |
||
| 215 |
_a215, [1] с. _d12° |
||
| 310 | _aТираж 1280 экз. (Установлен по: Самарин. Тиражи изданий... С.51) | ||
| 316 |
_aЭкз. РНБ (18.114.5.8) в составном картон. пер., обтянутом коричнево-лиловой бумагой, со светло-коричневыми кожан. уголками и корешком. Корешок гладкий, с тиснением золотом (позолота практически полностью утрачена). На корешке коричневая кожан. наклейка с вытисн. золотом загл.: "Христиан[ская] школа", суперэкслибрис И.П.Б. с буквами И.Б. и бумаж. наклейка с порядковым номером книги на полке: "8". На нижней крышке пер. экслибрис Рус. фонда ГПБ с шифром. Обрез крапчатый синий. На форзаце ярлык с шифром РНБ. На тит. л., с.33 и 215 круглый штамп ГПБ. На тит. л. круглый штамп ИБ в венке с короной. Размер: 15,7х10,0х1,8 см _5NLR: 18.114.5.8 |
||
| 321 | 1 | _aСК XVIII 6036 | |
| 325 | _aКопия доступна в Электрон. б-ке РНБ | ||
| 518 | 1 | _aХристианская школа | |
| 620 | _dСанкт-Петербург | ||
| 700 | 1 |
_6z01790 _6z02790 _aРок _bЖ.Э. _f1727-1806 _gЖак Эмманюэль _4070 |
|
| 702 | 1 |
_4730 _7ca _8rus _aВолчков _bС. С. _f1707-ок.1775 _gСергей Саввич _9160134 _3RU\NLR\AUTH\770160175 |
|
| 712 | 0 | 2 |
_4610 _aСухопутный шляхетный кадетский корпус _cПетербург _3RU\NLR\AUTH\880627498 _92659866 |
| 790 | 1 |
_6z01700 _aRoques _bJ.E. _gJacques Emmanuel _7ba |
|
| 790 | 1 |
_6z02700 _aРокес _gЕроним |
|
| 801 | 0 |
_aRU _bNLR _c19981027 |
|
| 852 |
_aNLR _j18.114.5.8 |
||
| 856 | 0 | _uhttps://vivaldi.nlr.ru/bx000024970/view | |
| 856 | 1 | _uhttps://vivaldi.nlr.ru/bx000024970/cover | |
| 856 | 2 | _uhttps://vivaldi.nlr.ru/bx000024970/text | |
| 899 | _aВГБИЛ | ||
| 899 | _aРГБ | ||
| 899 | _aБАН | ||
| 899 | _aГПИБ | ||
| 942 | _cBOOK | ||
| 980 | _aNB | ||
| 980 | 3 | _akpcivil | |
| 980 | 3 | _akp2021 | |
| 980 | 3 | _akp | |
| 980 | _aA1XVIIIv | ||
| 981 | 2 | 2 |
_a(22) Материалы по истории России _b(22) Религиозные конфессии |
| 981 | 2 | 0 |
_a(20) Книжные памятники РНБ _b(20) Русский книжный фонд |